Tìm hiểu những nội dung cơ bản của luật hôn nhân và gia đình sửa đổi năm 2000

Na minha lista:
Detalhes bibliográficos
Autor principal: Nguyễn Ngọc Điệp
Formato: Livro
Idioma:Undetermined
Publicado em: Hà Nội Phụ nữ 2000
Assuntos:
Tags: Adicionar Tag
Sem tags, seja o primeiro a adicionar uma tag!
Thư viện lưu trữ: Trung tâm Học liệu Trường Đại học Cần Thơ
LEADER 00700nam a2200193Ia 4500
001 CTU_39426
008 210402s9999 xx 000 0 und d
020 |b 36.000đ 
082 |a 346.016 
082 |b Đ307/2000 
100 |a Nguyễn Ngọc Điệp 
245 0 |a Tìm hiểu những nội dung cơ bản của luật hôn nhân và gia đình sửa đổi năm 2000 
245 0 |c Nguyễn Ngọc Điệp 
260 |a Hà Nội 
260 |b Phụ nữ 
260 |c 2000 
650 |a domestic relations - vietnam,family - law and legislation - vietnam 
904 |i Nguyễn Quang Điền, 001117 
980 |a Trung tâm Học liệu Trường Đại học Cần Thơ